000 02054nam a2200397Ia 4500
001 dia_5752
003 CHAP
005 20240320115531.0
007 ta
008 220117s2009 mx ae f 001 0 spa d
040 _amxchpua
_cCHAP
090 _aT.C.505
_bH85 EIUPA
_c2009
245 _aHulkin, S. A. de C. V., Yucatán /
_ccolaboradores José Luis Gamero Pérez...[y otros]
260 _aMéxico :
_bEl autor,
_c2009
336 _2rdacontent
_atexto
_btxt
337 _2rdamedia
_ano mediado
_bn
338 _2rdacarrier
_avolumen
_bnc
500 0 0 _aGrado: 7° año Grupo: 04 El impreso y CD solo contiene planos.
502 _aViaje de Estudios
_b(EIUPA) --
_cUACh. Departamento de Ingeniería Agroindustrial,
_d2009
505 0 0 _aContiene 6 planos : -- 1.Diagrama de tubería e instrumentación del agua -- 2.Distribución de equipo -- 3.Diagrama de recorrido -- 4.Distribución de equipo -- 5.Distribución de planta -- 6.Diagrama de tubería e instrumentación
650 1 3 _aAlimentos congelados
_94302
650 1 3 _aFrozen foods
_9147452
700 1 _aGamero Pérez, José Luis
_944584
_ecolaborador
856 4 2 _uhttp://10.13.5.2/ve/TC505EIUPA/TC505EIUPA2008-PLANODISTRIBUCIONDEEQUIPO.pdf
_yDESCARGAR PLANO DISTRIBUCION DE EQUIPO
856 4 2 _uhttp://10.13.5.2/ve/TC505EIUPA/TC505EIUPA2008-PLANO-DIAGRAMADERECORRIDO.pdf
_yDESCARGAR DIAGRAMA DE RECORRIDO
856 4 2 _uhttp://10.13.5.2/ve/TC505EIUPA/TC505EIUPA2008-PLANO-DTIAGUA.pdf
_yDESCARGAR PLANO DTI AGUA
856 4 2 _uhttp://10.13.5.2/ve/TC505EIUPA/TC505EIUPA2008-PLANO-DISTRIBUCIONDEEQUIPO.pdf
_yDESCARGAR PLANO DISTRIBUCION DE EQUIPO 2
856 4 2 _uhttp://10.13.5.2/ve/TC505EIUPA/TC505EIUPA2008-PLANO-DISTRIBUCIONDEPLANTA.pdf
_yDESCARGAR PLANO DE DISTRIBUCION DE PLANTA
856 4 2 _uhttp://10.13.5.2/ve/TC505EIUPA/TC505EIUPA2008-PLANO-DTIFRIO.pdf
_yDESCARGAR PLANO DTI FRIO
901 _aT.C.505 H85 EIUPA 2009
902 _aM
905 _a5132272009 mx el 8223123322spa16
942 _2local
942 _cVE
999 _c176686
_d176686